[Event "Wuertemberg-ch U16"]
[Site "Germany"]
[Date "2004.04.17"]
[Round "7"]
[White "Loerincz, Benjamin"]
[Black "Reuss, Tobias"]
[Result "1-0"]
[WhiteElo "1503"]
[BlackElo "1197"]
[PlyCount "68"]
[EventDate "2004.04.??"]
[EventType "swiss"]
[EventRounds "7"]
[EventCountry "GER"]
[SourceTitle "EXT 2005"]
[Source "ChessBase"]
[SourceDate "2004.11.15"]
[SourceVersion "1"]
[SourceVersionDate "2004.11.15"]
[SourceQuality "1"]

1. d4 d5 2. c4 c6 3. Nc3 e6 4. Nf3 Nf6 5. Bg5 h6 6. Bh4 Bd6 7. e3 Bc7 8. Bd3 Nbd7 9. 0-0 Nb6 10. c5 Nbd7 11. b4 Bb8 12. Qc2 Qc7 13. Bg3 Qd8 14. Bxb8 Nxb8 15. Rfe1 g5 16. Ne5 Nbd7 17. Nxd7 Bxd7 18. a4 Qc7 19. b5 Ng4 20. g3 h5 21. e4 dxe4 22. Nxe4 0-0-0 23. Nd6+ Kb8 24. Nxf7 Rdf8 25. Bg6 h4 26. Re2 Rhg8 27. Nd6 Rf6 28. Bh5 e5 29. dxe5 Rh6 30. Bf7 hxg3 31. hxg3 Rf8 32. e6 Bxe6 33. Bxe6 Nxf2 34. Rxf2 Rxe6 1-0

[Event "Wuertemberg-ch U16"]
[Site "Germany"]
[Date "2004.04.15"]
[Round "5"]
[White "Reuss, Tobias"]
[Black "Kull, Sebastian"]
[Result "0-1"]
[WhiteElo "1197"]
[BlackElo "1463"]
[PlyCount "52"]
[EventDate "2004.04.??"]
[EventType "swiss"]
[EventRounds "7"]
[EventCountry "GER"]
[SourceTitle "EXT 2005"]
[Source "ChessBase"]
[SourceDate "2004.11.15"]
[SourceVersion "1"]
[SourceVersionDate "2004.11.15"]
[SourceQuality "1"]

1. e4 e5 2. Nf3 Nc6 3. Bc4 Bc5 4. d3 d6 5. 0-0 Nge7 6. Ng5 d5 7. exd5 Na5 8. d6 Qxd6 9. Bxf7+ Kf8 10. Qf3 Qf6 11. Qh5 h6 12. Ne4 Qxf7 13. Qxf7+ Kxf7 14. Nxc5 Rf8 15. Re1 Nac6 16. Nd2 Ng6 17. b3 Nd4 18. Re3 Kg8 19. Rb1 Nxc2 20. Rg3 Nf4 21. Kf1 Nb4 22. Bb2 b6 23. Bxe5 Nh5 24. Rh3 Bxh3 25. gxh3 bxc5 26. Bc3 Nxd3 0-1

[Event "Wuertemberg-ch U16"]
[Site "Germany"]
[Date "2004.04.13"]
[Round "1"]
[White "Klaiber, Markus"]
[Black "Reuss, Tobias"]
[Result "1-0"]
[WhiteElo "1593"]
[BlackElo "1197"]
[PlyCount "51"]
[EventDate "2004.04.??"]
[EventType "swiss"]
[EventRounds "7"]
[EventCountry "GER"]
[SourceTitle "EXT 2005"]
[Source "ChessBase"]
[SourceDate "2004.11.15"]
[SourceVersion "1"]
[SourceVersionDate "2004.11.15"]
[SourceQuality "1"]

1. f4 d5 2. e3 a6 3. b3 Nc6 4. Bb2 e6 5. Nf3 Nf6 6. Be2 Bd6 7. 0-0 0-0 8. Ne5 Ne4 9. Nf3 Nf6 10. c4 Qe7 11. d4 Bd7 12. c5 Bxc5 13. dxc5 Qxc5 14. Qd2 Ne4 15. Qc1 Qb6 16. Nc3 Qc5 17. Bd3 Nxc3 18. Bxc3 Rae8 19. Re1 f6 20. Qc2 f5 21. Rac1 Rf7 22. g4 g6 23. g5 b5 24. Qb2 b4 25. Bd4 Nxd4 26. Rxc5 1-0